| 000 | 00671nam a2200229 i 4500 | ||
|---|---|---|---|
| 001 | 134868 | ||
| 003 | ES-MaACL | ||
| 005 | 20250824230752.0 | ||
| 007 | t| | ||
| 008 | 070629s1949 sp |||| | spa d | ||
| 100 | 1 |
_aThibon, Gustave. _9109928 |
|
| 245 | 1 | 3 |
_aEl pan de cada día / _cGustave Thibon ; [prólogo de Raimundo Paniker]. |
| 250 | _a1ª ed. española. | ||
| 260 |
_aMadrid : _bRialp, _c1949. |
||
| 300 |
_a223 p. ; _c17 cm. |
||
| 490 | 1 |
_aPatmos ; _v3 |
|
| 650 | 0 | 4 |
_aMeditaciones. _914983 |
| 700 | 1 |
_aPanikkar, Raimon ( _d1918-2010) _988793 |
|
| 830 | 0 | 0 |
_aPatmos (Rialp) _v3 _9181154 |
| 852 |
_aES-MaACL _jD-7930 |
||
| 999 |
_c134868 _d134868 |
||